Faktory obytného prostredia : Kandidátska dizertačná práca /
Guardado en:
| Autor principal: | |
|---|---|
| Otros Autores: | |
| Formato: | Manuscrito Libro |
| Lenguaje: | eslovaco |
| Publicado: |
Bratislava :
Slovenská vysoká škola technická v Bratislave, Fakulta architektúry,
marec 1980
|
| Materias: | |
| Etiquetas: |
Sin Etiquetas, Sea el primero en etiquetar este registro!
|
MARC
| LEADER | 00000ntm a22000003a 4500 | ||
|---|---|---|---|
| 001 | 0112801 | ||
| 003 | SK-STU | ||
| 005 | 20241205154527.7 | ||
| 007 | ta | ||
| 008 | 241205s2024----xo-----f-mn---000-0-slo-d | ||
| 040 | |a STU |b slo | ||
| 041 | 0 | |a slo | |
| 044 | |a xo |c SK | ||
| 100 | 1 | |a Hlinický, Jozef |4 aut | |
| 245 | 1 | 0 | |a Faktory obytného prostredia : |b Kandidátska dizertačná práca / |c aut. Jozef Hlinický ; škol. Milan Kodoň |
| 260 | |a Bratislava : |b Slovenská vysoká škola technická v Bratislave, Fakulta architektúry, |c marec 1980 | ||
| 300 | |a 163 s. | ||
| 650 | 0 | 7 | |a životné prostredie |
| 650 | 0 | 7 | |a príroda a spoločnosť |
| 650 | 0 | 7 | |a krajina |
| 650 | 0 | 7 | |a obytné prostredie |
| 650 | 0 | 7 | |a architektúra a urbanizmus |
| 650 | 0 | 7 | |a bývanie |
| 700 | 1 | |a Kodoň, Milan |4 ths | |
| 996 | |b 284AU10110 |c A* 175/V |l AAKNST |s P |a 0 |w 0112801_0001 | ||